| 000 | 00756nam a2200205 a 4500 | ||
|---|---|---|---|
| 001 | 000978640 | ||
| 003 | AM-YeHGA | ||
| 005 | 20250617150205.0 | ||
| 008 | 130815s1902 ru r 000 0 rus d | ||
| 040 | _aAM-YeHGA | ||
| 041 | 1 |
_arus _hger |
|
| 100 | 1 |
_aНордау, Макс, _d1849-1923 |
|
| 245 | 1 | 0 |
_aСовременные французы : _bОчерки из истории литературы / _cМакс Нордау; Пер. с нем. А.В. Перелыгиной. |
| 246 | 1 | 5 | _aZeitgenössische franzosen |
| 260 |
_aМосква : _bД.П. Ефимов, _c1902. |
||
| 300 | _a323 с. | ||
| 653 | 0 | _aКультура - Философские проблемы | |
| 700 | 1 |
_aПерелыгина, А.В. _eпер. _4trl |
|
| 090 | _c327990 | ||
| 999 |
_c326243 _d326243 |
||